[Event "IRI-ch U14"]
[Site "Chess.com INT"]
[Date "2021.01.16"]
[Round "9"]
[White "Ghorbani, Amirali"]
[Black "Moradpour, Artin"]
[Result "1-0"]
[WhiteElo "1263"]
[BlackElo "1623"]
[PlyCount "29"]
[EventDate "2021.01.16"]
[EventType "swiss"]
[EventRounds "11"]
[EventCountry "IRI"]
[SourceTitle "EXT 2022"]
[Source "ChessBase"]
[SourceDate "2021.10.06"]
[SourceVersion "1"]
[SourceVersionDate "2021.10.06"]
[SourceQuality "1"]

1. e4 c5 2. Nf3 d6 3. d4 cxd4 4. Nxd4 Nf6 5. Nc3 a6 6. Be3 e5 7. Nb3 Be6 8. f4 Ng4 9. Bd2 Qb6 10. Qf3 exf4 11. Qxf4 Nc6 12. Nd5 Bxd5 13. exd5 Nce5 14. Qa4+ Kd8 15. Ba5 1-0

[Event "IRI-ch U14"]
[Site "Chess.com INT"]
[Date "2021.01.16"]
[Round "7"]
[White "Mehrshad, Artin"]
[Black "Moradpour, Artin"]
[Result "0-1"]
[WhiteElo "1409"]
[BlackElo "1623"]
[PlyCount "88"]
[EventDate "2021.01.16"]
[EventType "swiss"]
[EventRounds "11"]
[EventCountry "IRI"]
[SourceTitle "EXT 2022"]
[Source "ChessBase"]
[SourceDate "2021.10.06"]
[SourceVersion "1"]
[SourceVersionDate "2021.10.06"]
[SourceQuality "1"]

1. e4 c5 2. d4 cxd4 3. Nf3 d6 4. Nxd4 Nf6 5. Nc3 a6 6. Be2 e5 7. Nb3 Be7 8. 0-0 0-0 9. Be3 Be6 10. f3 Nbd7 11. Qe1 Rc8 12. Qf2 Qc7 13. Rad1 Rfd8 14. Rfe1 b5 15. a3 Nc5 16. Nxc5 dxc5 17. Qf1 c4 18. Qf2 Qc6 19. Qf1 Rd7 20. Rxd7 Nxd7 21. Rd1 Nc5 22. Kh1 a5 23. Nd5 Bf8 24. Nc3 f6 25. Qe1 b4 26. axb4 axb4 27. Na2 Qa4 28. Ra1 Qxc2 29. Nxb4 Qxb2 30. Rc1 Nb3 31. Rb1 Bxb4 32. Qd1 Qc3 33. Bg1 Nd4 34. Rc1 Qxc1 35. Qxc1 Nxe2 36. Qb2 c3 37. Qc2 Nd4 38. Bxd4 exd4 39. Kg1 d3 40. Qxd3 c2 41. Kf2 c1Q 42. g4 Rc2+ 43. Kg3 Qg1+ 44. Kf4 g5# 0-1